| 000 | 01287pam a2200301 a 4500 | ||
|---|---|---|---|
| 001 | 616679 | ||
| 003 | ARRUPE | ||
| 005 | 20170123110836.0 | ||
| 008 | 921015s1992 nyua b 101 0 eng | ||
| 010 | _a 92035848 | ||
| 020 | _a089766745X (cloth : alk. paper) | ||
| 020 | _a0897667468 (paper : alk. paper) | ||
| 040 |
_aDLC _cDLC _dDLC |
||
| 050 | _bUG447.8M53 1992 | ||
| 082 | 0 | 0 |
_a358/.38 _220 |
| 100 |
_aZilinskas, Raymond A _928454 |
||
| 245 | 0 | 4 |
_aThe Microbiologist and biological defense research : _bethics, politics, and international security / _cedited by Raymond A. Zilinskas. |
| 260 |
_aNew York, _bNew York Academy of Sciences, _c1992. |
||
| 300 |
_axix, 249 p.; _bill. ; _c24 cm. |
||
| 440 | 0 |
_aAnnals of the New York Academy of Sciences, _vv. 666 _928455 |
|
| 650 | 0 |
_aBiological warfare _xCongresses. _928456 |
|
| 650 | 0 |
_aBiological weapons _xResearch _xCongresses. _928457 |
|
| 650 | 0 |
_aBiological warfare _xCongresses _928458 |
|
| 700 | 1 |
_aZilinskas, Raymond A. _eed. _928459 |
|
| 906 |
_a7 _bcbc _corignew _d1 _eocip _f19 _gy-gencatlg |
||
| 942 |
_2lcc _cMONOGRAPH |
||
| 999 |
_c126003 _d126003 |
||